000 00188nam a22000977a 4500
999 _c67119
_d67116
082 _aKRA
100 _aKraus,J.D
245 _aAntennas For All Applications
300 _a962p
942 _cBK